[Event "?"]
[Site "?"]
[Date "2017.11.05"]
[Round "5.29"]
[White "Lipinsky, Pierre"]
[Black "Glok, David"]
[Result "1-0"]
[WhiteElo "1200"]
[BlackElo "1021"]
[PlyCount "129"]
[EventDate "2017.??.??"]
[WhiteTeam "SC Tarrasch München"]
[BlackTeam "SK München Südost"]

1. e4 c5 2. Nf3 g6 3. d4 cxd4 4. Nxd4 Bg7 5. Be3 d6 6. c4 Nf6 7. Nc3 Bd7 8. Be2
Nc6 9. O-O e5 10. Nxc6 Bxc6 11. Bd3 Qd7 12. f4 Bh6 13. Qd2 exf4 14. Bxf4 Bxf4
15. Qxf4 Nh5 16. Qd2 a6 17. Nd5 Bxd5 18. exd5 f5 19. Rae1+ Kd8 20. Qc3 Re8 21.
Rxe8+ Qxe8 22. Re1 Qd7 23. Qh8+ Kc7 24. Qxa8 Nf4 25. Qf8 Kb6 26. Bc2 Qc7 27.
Bb3 Qc5+ 28. Kf1 Nd3 29. Re2 Nf4 30. Qd8+ Ka7 31. Re8 Nd3 32. Qa8+ Kb6 33. Re2
Nf4 34. Rc2 Nd3 35. Qd8+ Ka7 36. Qh4 h5 37. Rd2 Qe3 38. Re2 Qc1+ 39. Re1 Nxe1
40. Qxe1 Qxb2 41. Qf2+ Qxf2+ 42. Kxf2 Kb6 43. Kg3 g5 44. h4 f4+ 45. Kf3 gxh4
46. Kxf4 Kc7 47. Kg5 Kd7 48. Kxh4 Ke7 49. Kxh5 Kf7 50. Kh6 Kg8 51. Kg6 b6 52.
g4 a5 53. g5 a4 54. Kf6 a3 55. g6 Kf8 56. g7+ Kg8 57. Ba4 b5 58. Bxb5 Kh7 59.
Kf7 Kh6 60. g8=Q Kh5 61. Kf6 Kh4 62. Kf5 Kh3 63. Kf4 Kh2 64. Kf3 Kh1 65. Qg2#
1-0